LEADER 03506nam 2200649Ia 450 001 9910457019703321 005 20200520144314.0 010 $a1-282-34639-3 010 $a9786612346392 010 $a0-19-156990-9 035 $a(CKB)2550000000002461 035 $a(EBL)472114 035 $a(OCoLC)503605549 035 $a(SSID)ssj0000309220 035 $a(PQKBManifestationID)12107082 035 $a(PQKBTitleCode)TC0000309220 035 $a(PQKBWorkID)10282579 035 $a(PQKB)10001015 035 $a(MiAaPQ)EBC472114 035 $a(Au-PeEL)EBL472114 035 $a(CaPaEBR)ebr10351311 035 $a(CaONFJC)MIL234639 035 $a(EXLCZ)992550000000002461 100 $a20090514d2009 uy 0 101 0 $aeng 135 $aur|n|---||||| 181 $ctxt 182 $cc 183 $acr 200 04$aThe semantics of clause linking$b[electronic resource] $ea cross-linguistic typology /$fedited by R. M. W. Dixon, Alexandra Y. Aikhenvald 210 $aOxford $cOxford University Press$d2009 215 $a1 online resource (429 p.) 225 1 $aExplorations in linguistic typology ;$vno. 5 300 $aDescription based upon print version of record. 311 $a0-19-960070-8 311 $a0-19-956722-0 320 $aIncludes bibliographical references and index. 327 $aContents; Preface; Notes on the Contributors; Abbreviations; 1 The Semantics of Clause Linking in Typological Perspective; 2 The Semantics of Clause Linking in Akkadian; 3 The Semantics of Clause Linking in Galo; 4 The Semantics of Clause Linking in Kham; 5 The Semantics of Clause Linking in Manambu; 6 The Semantics of Clause Linking in Iquito; 7 The Semantics of Clause Linking in Aguaruna; 8 The Semantics of Clause Linking in Ojibwe; 9 The Semantics of Clause Linking in Boumaa Fijian; 10 The Semantics of Clause Linking in Toqabaqita; 11 The Semantics of Clause Linking in Martuthunira 327 $a12 The Semantics of Clause Linking in Korean13 The Semantics of Clause Linking in Goemai; 14 The Semantics of Clause Linking in Konso; 15 The Semantics of Clause Linking in Mali; 16 Semantics and Grammar in Clause Linking; Author index; Language index; Subject index 330 $aThis book is a cross-linguistic examination of the different grammatical means languages employ to represent a general set of semantic relations between clauses. The investigations focus on ways of combining clauses other than through relative and complement clause constructions. These span a number of types of semantic linking. Three, for example, describe varieties of consequence - cause, result, and purpose - which may be illustrated in English by, respectively: Because Johnhas been studying German for years, he speaks it well; John has been studying German for years, thus he speaks it well 410 0$aExplorations in linguistic typology ;$vno. 5. 606 $aGrammar, Comparative and general$xClauses$vCongresses 606 $aLanguage and languages$xGrammars 608 $aElectronic books. 615 0$aGrammar, Comparative and general$xClauses 615 0$aLanguage and languages$xGrammars. 676 $a401.43 676 $a415 701 $aAi?khenval?d$b A. I?U$g(Aleksandra I?Ur?evna)$0317446 701 $aDixon$b Robert M. W$0110045 801 0$bMiAaPQ 801 1$bMiAaPQ 801 2$bMiAaPQ 906 $aBOOK 912 $a9910457019703321 996 $aThe semantics of clause linking$92128127 997 $aUNINA LEADER 05405nam 2200649Ia 450 001 9910139968103321 005 20170809171549.0 010 $a1-282-37139-8 010 $a9786612371394 010 $a1-4443-1219-7 010 $a1-4443-1218-9 035 $a(CKB)1000000000822204 035 $a(EBL)470158 035 $a(OCoLC)609848736 035 $a(SSID)ssj0000353867 035 $a(PQKBManifestationID)11258806 035 $a(PQKBTitleCode)TC0000353867 035 $a(PQKBWorkID)10301972 035 $a(PQKB)10602250 035 $a(MiAaPQ)EBC470158 035 $a(EXLCZ)991000000000822204 100 $a20080911d2009 uy 0 101 0 $aeng 135 $aur|n|---||||| 181 $ctxt 182 $cc 183 $acr 200 00$aArchitectural management$b[electronic resource] $einternational research and practice /$fedited by Stephen Emmitt, Matthijs Prins, Ad den Otter 210 $aOxford ;$aAmes, IA $cBlackwell$d2009 215 $a1 online resource (346 p.) 300 $aDescription based upon print version of record. 311 $a1-4051-7786-1 320 $aIncludes bibliographical references and index. 327 $aArchitectural Management; Contributors; Foreword; Introduction; Part OneValuing Design; Chapter OneArchitectural Value; Introduction; Value; On the cognition and creation of post-modernvalue and its management; The language complexity ofmodern construction; Modelling architectural value; Reflection and conclusions; References; Chapter TwoRisk Management andCross-Cultural LeadershipIntelligence; Introduction; Aspects of risk; Relationships and contract structures; Cross-cultural leadership intelligence; Risk maps; Conclusion; References 327 $aCase Study AExploring the Value Universe:A Values-Based Approach toDesign ManagementIntroduction; Background; Conceptual framework - the value universe; The values-based model; The facilitated workshop sequence; The role of the process facilitator; Discussion and conclusions; References; Part TwoCommunicating Design Values; Chapter ThreeResearching InterpersonalCommunication in AEC Projects; Introduction; Observing bona fide groups; Research method; Results; Concluding comments; References; Chapter FourManaging Effectiveness ofAsynchronous and SynchronousDesign Team Communication 327 $aIntroductionAvailable communication means and tools; Properties of communication means and tools; Communicating design; Concluding comments; References; Case Study BArchitectural DesignManagement Usinga Project Web; Introduction; The use of a project website; Reflections; Conclusions; Part ThreeDesign Management; Chapter FiveCollaborative ArchitecturalDesign Management; Introduction; Design management: an overview; Managing collaborative designin multi-architect projects; Trends in the building industry and futurechallenges for design management; Concluding remarks; References 327 $aChapter SixConcurrent Design:A Model for IntegratedProduct DevelopmentIntroduction; Concurrent building design; The case studies; Discussion and conclusion; References; Case Study CDesign Management Toolsfor Concurrent Construction; Introduction; Leading philosophies and strategies; Developed strategies and tools; Method: case studies; Case Study 1: Biomedicum 2; Case Study 2: The Porthania building; Discussion and conclusions; Future challenges and opportunities; Acknowledgements; References; Part FourInclusive Design; Chapter SevenManagement Tools forSustainable and AdaptiveBuilding Design 327 $aIntroductionHow do sustainable design tools facilitatemore inclusive design processes?; Tools for sustainable and adaptive design; Building for climate change?; Conclusion; References; Chapter Eight User Involvement and the Role of Briefing; Introduction; User involvement; The role of briefing and user involvement; Accessibility for users with special needs; Business and building processes; Concluding comments; References; Case Study DPatient Focus Throughoutthe Process: The Case ofSt. Olav's University Hospital; Introduction; Case study methodology; Vision and main objectives of the project 327 $aEstablishing an architectural designframework and project guidelines 330 $aArchitectural Management represents the state of the art of research and practice in the field and includes contributions from leading international figures. The book looks back at over a decade of research into architectural management, considers the present challenges and opportunities, and looks to the future. You'll find a review of earlier work and developments as well as a focus on new research areas. The book is divided into six sections representing topical themes, each section contains two research-based chapters and one practical case study. Case studies are from six European 606 $aArchitectural practice$xManagement 606 $aArchitectural design 608 $aElectronic books. 615 0$aArchitectural practice$xManagement. 615 0$aArchitectural design. 676 $a712.3 676 $a712/.3 701 $aEmmitt$b Stephen$0856066 701 $aPrins$b Matthijs$0853960 701 $aOtter$b Ad den$0856067 801 0$bMiAaPQ 801 1$bMiAaPQ 801 2$bMiAaPQ 906 $aBOOK 912 $a9910139968103321 996 $aArchitectural management$91911281 997 $aUNINA LEADER 04961oam 22009614 450 001 9910788234903321 005 20230721045642.0 010 $a1-4623-9716-6 010 $a1-4527-0166-0 010 $a1-4518-7011-6 010 $a9786612841040 010 $a1-282-84104-1 035 $a(CKB)3170000000055058 035 $a(EBL)1607924 035 $a(SSID)ssj0000943982 035 $a(PQKBManifestationID)11612510 035 $a(PQKBTitleCode)TC0000943982 035 $a(PQKBWorkID)10978596 035 $a(PQKB)11453136 035 $a(OCoLC)762080664 035 $a(MiAaPQ)EBC1607924 035 $a(IMF)WPIEE2008153 035 $a(EXLCZ)993170000000055058 100 $a20020129d2008 uf 0 101 0 $aeng 135 $aur|n|---||||| 181 $ctxt 182 $cc 183 $acr 200 10$aBivariate Assessments of Real Exchange Rates Using PPP Data /$fJuan Zalduendo 210 1$aWashington, D.C. :$cInternational Monetary Fund,$d2008. 215 $a1 online resource (28 p.) 225 1 $aIMF Working Papers 225 0$aIMF working paper ;$vWP/08/153 300 $aDescription based upon print version of record. 311 $a1-4519-1464-4 320 $aIncludes bibliographical references. 327 $aContents; I. Introduction; II. An Analytical Framework of the Real Exchange Rate; Box 1. The LOOP and the Purchasing Power Parity-Origins and Concepts; III. How are Bivariate Equilibrium Real Exchange Rates Estimated?; A. The International Comparison of Prices Dataset; B. Estimation Methodology and Underlying Assumptions; Figures; 1. Relative Price Levels and Income per Capita (1990 ICP Dataset); IV. Empirical Evidence; A. Cross-Section Evidence; 2. Balassa-Samuelson Relationship-Income and Regional Groups; Tables; 1. Estimation Results; 2. Panel Estimation Results 327 $a3. Average Over-valuation (+) and Under-valuation (-) Results-2006B. Time-Series Evidence; 4. Closing Gap between Actual and Balassa-Samuelson Exchange Rate; C. Discussion; V. Conclusions; Appendix I. List of Countries Included in Econometric Estimations; Appendix II. The Low-Income Country Puzzle; Appendix Table 1. Estimation Results for Sub-samples of Low-Income Countries; References 330 3 $aThis paper focuses on assessments of real exchange rates using PPP data and examines their limitations when these are based exclusively on bivariate estimations. It begins by presenting an analytical framework of the real exchange rate that shows that these estimations make many restrictive assumptions. In turn, the empirical evidence presented shows that the estimates are not robust to changes in sample, such as those that arise from differences in incomes per capita. The conclusion is that the bivariate assessment of real exchange rates do not control for the heterogeneity that exists across countries, thus limiting their usefulness. This critique of bivariate estimations does not apply however to multivariate approaches such as utilized by CGER. 410 0$aIMF Working Papers; Working Paper ;$vNo. 2008/153 606 $aForeign exchange rates$xEconometric models 606 $aPurchasing power parity$xEconometric models 606 $aForeign Exchange$2imf 606 $aMacroeconomics$2imf 606 $aPublic Finance$2imf 606 $aAggregate Factor Income Distribution$2imf 606 $aNational Government Expenditures and Related Policies: Infrastructures$2imf 606 $aOther Public Investment and Capital Stock$2imf 606 $aCurrency$2imf 606 $aForeign exchange$2imf 606 $aPublic finance & taxation$2imf 606 $aReal exchange rates$2imf 606 $aIncome$2imf 606 $aPurchasing power parity$2imf 606 $aExchange rates$2imf 606 $aPublic investment and public-private partnerships (PPP)$2imf 606 $aPublic-private sector cooperation$2imf 607 $aUnited States$2imf 615 0$aForeign exchange rates$xEconometric models. 615 0$aPurchasing power parity$xEconometric models. 615 7$aForeign Exchange 615 7$aMacroeconomics 615 7$aPublic Finance 615 7$aAggregate Factor Income Distribution 615 7$aNational Government Expenditures and Related Policies: Infrastructures 615 7$aOther Public Investment and Capital Stock 615 7$aCurrency 615 7$aForeign exchange 615 7$aPublic finance & taxation 615 7$aReal exchange rates 615 7$aIncome 615 7$aPurchasing power parity 615 7$aExchange rates 615 7$aPublic investment and public-private partnerships (PPP) 615 7$aPublic-private sector cooperation 676 $a332.456 700 $aZalduendo$b Juan$01464148 801 0$bDcWaIMF 906 $aBOOK 912 $a9910788234903321 996 $aBivariate Assessments of Real Exchange Rates Using PPP Data$93704178 997 $aUNINA LEADER 02094nam0 2200433 i 450 001 VAN00123923 005 20240806100815.54 017 70$2N$a9783319517957 100 $a20191004d2017 |0itac50 ba 101 $aeng 102 $aCH 105 $a|||| ||||| 200 1 $aAdvances in Energy System Optimization$eProceedings of the first International Symposium on Energy System Optimization$fValentin Bertsch ... [et al.] editors 210 $aCham$cBirkhäuser$d2017 215 $aviii, 245 p.$cill.$d24 cm 410 1$1001VAN00059023$12001 $aTrends in mathematics$1210 $aBasel [etc.]$cBirkhäuser$d1997- 500 1$3VAN00235351$aAdvances in Energy System Optimization : Proceedings of the first International Symposium on Energy System Optimization$91562374 606 $a00B25$xProceedings of conferences of miscellaneous specific interest [MSC 2020]$3VANC020732$2MF 606 $a90-XX$xOperations research, mathematical programming [MSC 2020]$3VANC025650$2MF 606 $a90B70$xTheory of organizations, manpower planning in operations research [MSC 2020]$3VANC035158$2MF 606 $a90C90$xApplications of mathematical programming [MSC 2020]$3VANC019710$2MF 610 $aEnergy$9KW:K 610 $aHeidelberg$9KW:K 610 $aIseso$9KW:K 610 $aOptimization$9KW:K 610 $aPower$9KW:K 610 $aSymposium$9KW:K 610 $aSystem$9KW:K 620 $aCH$dCham$3VANL001889 702 1$aBertsch$bValentin$3VANV095389 712 $aBirkhäuser $3VANV108193$4650 801 $aIT$bSOL$c20250131$gRICA 856 4 $uhttp://doi.org/10.1007/978-3-319-51795-7$zE-book ? Accesso al full-text attraverso riconoscimento IP di Ateneo, proxy e/o Shibboleth 899 $aBIBLIOTECA DEL DIPARTIMENTO DI MATEMATICA E FISICA$1IT-CE0120$2VAN08 912 $fN 912 $aVAN00123923 950 $aBIBLIOTECA DEL DIPARTIMENTO DI MATEMATICA E FISICA$d08DLOAD e-book 0528 $e08eMF528 20191004 996 $aAdvances in Energy System Optimization$91562374 997 $aUNICAMPANIA